000 04118nab a2200325 i 4500
003 BR-BrBNA
005 20241212121758.0
008 241212b2024 bl.ar|pooa||| 00| 0 eng |
040 _aBR-BrBNA
_beng
072 _aP40
_b0230
072 _aF40
100 _aFischer Filho, João Alberto
100 _aVieira, Júlia Cristina Amâncio
100 _aRosa, Giovani Bonício
100 _aFuzzo, Daniela Fernanda da Silva
245 _aClimate suitability for sugarcane in the Triângulo Mineiro region, Brazil, under future scenarios
500 _aPublicação online; 43 ref.; 5 illus.; Summaries (En, Pt)
520 _a ABSTRACT - The sugarcane production is vital for the economy of the Triângulo Mineiro region, in Brazil. However, its is likely to be affected by climate change, due to the increase of gases in the atmosphere. This study aimed to classify the climate suitability of sugarcane for the region, considering the current and future climate change scenarios. Historical series of rainfall and air temperature from 1981 to 2021 were employed, and each location was classified as suitable, restricted or unsuitable, according to the average temperature and annual water deficit. The RCP 2.6, RCP 4.5, RCP 6.0 and RCP 8.5 scenarios were considered to analyze the projections for the end of the 21st century (2081-2100). The region presents an average temperature of 23.2 ºC (±1.36 ºC) and annual water deficit of 189 mm (±77.54 mm). Currently, 85 % of the area is considered as suitable. The Ituiutaba microregion, located in the west, shows a pronounced water deficit, which restricts the sugarcane cultivation. The results from the projections indicate a reduction in the suitability for sugarcane production in the tested scenarios, with the effects on the water regime being more pronounced than those on temperature. For example, the area classified as suitable would decrease to 44.35 and 9.87 %, respectively, in the RCP 6.0 and RCP 8.5 scenarios. KEYWORDS: Saccharum spp., water deficit, climate zoning.
520 _a RESUMO - Aptidão climática da cana-de-açúcar na região do Triângulo Mineiro, Brasil, em cenários futuros - A produção de cana-de-açúcar é importante para a economia do Triângulo Mineiro. No entanto, é provável que seja afetada por mudanças climáticas, devido ao aumento de gases na atmosfera. Objetivou-se classificar a aptidão climática da canade-açúcar para a região, considerando-se os cenários de mudanças climáticas atual e futuros. Foram utilizadas séries históricas de precipitação e temperatura do ar entre 1981 e 2021, e cada localidade foi classificada como apta, restrita ou inapta, de acordo com a temperatura média e o déficit hídrico anual. Foram utilizados os cenários RCP 2.6, RCP 4.5, RCP 6.0 e RCP 8.5 para analisar as projeções do final do século XXI (2081-2100). A região apresenta temperatura média de 23,2 ºC (±1,36 ºC) e 189 mm (±77,54 mm) de déficit hídrico. Atualmente, 85 % da área é considerada apta. A microrregião de Ituiutaba, localizada a oeste, possui déficit hídrico acentuado, apresentando restrição ao cultivo da cultura. Os resultados derivados das projeções indicam redução na aptidão do cultivo da cana-de-açúcar nos cenários testados, sendo os efeitos no regime hídrico mais pronunciados do que na temperatura. A área ocupada pela classe apta, por exemplo, decresceria para 44,35 e 9,87 %, respectivamente, nos cenários RCP 6.0 e RCP 8.5. PALAVRAS-CHAVE: Saccharum spp., déficit hídrico, zoneamento climático
650 _aCANA-DE-AÇÚCAR
650 _aDEFICIÊNCIA HÍDRICA
650 _aCONDIÇÃO AMBIENTAL
650 _aFENOLOGIA
650 _aZONEAMENTO CLIMÁTICO
650 _aTRIÂNGULO MINEIRO
773 0 _03248
_9317349
_dGoiânia-GO UFG. Escola de Agronomia 1999
_o2024-4001
_tPesquisa Agropecuária Tropical (Brazil)
_x1517-6398
_gv. 54 p. 1-9; (2024)
_wBR2024003983
856 _uhttps://www.scielo.br/j/pat/a/MVcDpyL4GbSSP3VmS7jYdzR/?format=pdf&lang=en
942 _cANA
999 _c329202
_d329202